Normal view
MARC view
- Gurrilla Warfare -- History
Entry Topical Term
001 - CONTROL NUMBER
- control field: 48872
003 - CONTROL NUMBER IDENTIFIER
- control field: NUST
005 - DATE AND TIME OF LATEST TRANSACTION
- control field: 20210314134159.0
008 - FIXED-LENGTH DATA ELEMENTS
- fixed length control field: 210314|| aca||aabn | a|a d
040 ## - CATALOGING SOURCE
- Original cataloging agency: NUST
- Transcribing agency: NUST
150 ## - HEADING--TOPICAL TERM
- Topical term or geographic name entry element: Gurrilla Warfare -- History
670 ## - SOURCE DATA FOUND
- Source citation: Work cat.: (NUST): Akbar Khan, Major General 48871, Guessilla Warfare its part, present and future and counter Guerrilla warfare, 19-?
